000 01710cam a22004454i 4500
003 PE-LiUPU
005 20250731172730.0
008 150617s r 000 0 d
035 _a(Sirsi) a11478
040 _aPE-LiUPU
_bspa
_cPE-LiUPU
_erda
049 _aPRUA
082 0 4 _a231
_bF743t
_223
100 1 _aFortman, Edmund J.,
_eautor.
245 1 0 _aTeología de Dios :
_bComentario /
_cEdmund J. Fortman.
264 1 _aSantander :
_bEditorial Sal Terrae,
_c1969.
300 _a484 páginas ;
_c20 centímetros.
336 _atext
_2rdacontent
337 _aunmediated
_2rdamedia
338 _avolume
_2rdacarrier
490 0 _a(Colección: Teología y Mundo Actual ;
_v16)
505 0 _aDios en el antiguo testamento -- Dios en el nuevo testamento -- Dios en la teología prenicena y nicena -- Dios en San Agustín -- Dios en la teología musulmana -- Dios desde Agustín a Tomás de Aquino -- Dios en Santo Tomás Scoto Eckhart -- Dios en los siglos XIV y XV -- Dios en los reformadores -- Dios en los siglos XVI y XVII -- Dios en los siglos XVIII y XIX -- Dios en la teología protestante contemporánea -- Dios en la teología católica contemporánea.
526 _aSEG42
526 _aSEG41
526 _aSEG40
526 _aSEG39
526 _aP94
526 _aP87
526 _aP86
526 _aP85
526 _aP77
526 _aP76
526 _aP35
650 1 4 _aDios.
_93786
650 2 0 _aTeología
_9578
910 _ajck
942 _2ddc
_cBK
949 _a231 F77
_wDEWEY
_c1
_i09315
_lCCODEBUL1
_mBUL
_p00.00
_r0
_sY
_tBOOK
_u2015-04-21
_xTEOLOGIA
_0COMPRA
_o.STAFF. Colección General
999 _c1632
_d1632
980 _81
_gALBERTO SANCHEZ Responsable de Automatización